000 01562nam0a22002771 4500
001 rc\3802059
005 20120311164507.3
021 _aRU
_b76-8643
021 _aRU
_bРг4156-76
035 _a(NLR Aleph) 007247733
090 _a5171993
_c5171993
100 _a20120311d1975 |||y0rusy50 ca
101 0 _arus
102 _aRU
105 _aa z |||||
200 1 _aИнструкция по проектированию и контролю звукоизоляции ограждающих конструкций жилых зданий
_e1 ред.
_e(Тема 8/А-29)
_eПроект
_fРуководитель и отв. исполн. В.Г. Крейтан
_gГос. ком. по гражд. стр-ву и архитектуре при Госстрое СССР. Центр. науч.-исслед. и проектный ин-т типового и эксперим. проектирования жилища (ЦНИИЭП жилища). Лаб. звукоизоляции
210 _aМосква
_cБ. и.
_d1975
215 _a115 с.
_cил.
_d29
320 _aБиблиогр.: с. 113-115
702 1 _aКрейтан
_bВ. Г.
_gВладимир Георгиевич
_4570
712 0 2 _aЦентральный научно-исследовательский и проектный институт типового и экспериментального проектирования жилища
_cМосква
_3RU\NLR\AUTH\889962126
801 0 _aRU
_bNLR
_gpsbo
801 1 _aRU
_bELAR
_2rusmarc
852 _aNLR
_j76-8/413
942 _cBOOK
980 _aNB